000 00299nam a22001337a 4500
008 170620b xxu||||| |||| 00| 0 eng d
020 _a0871874091
041 _aeng
080 _a94
100 _a16
101 _aSHH
245 _aTHE WAR EVERYONE LOST- AND WON
_cLOMPERIS,T.J
942 _2udc
_cBK
999 _c18258
_d18258